书目信息 |
| 题名: |
旅游管理信息系统
|
|
| 作者: | 查良松 编著 | |
| 分册: | ||
| 出版信息: | 北京 高等教育出版社 2006.01 |
|
| 页数: | 327页 | |
| 开本: | 21cm | |
| 丛书名: | 高等院校旅游专业系列教材 | |
| 单 册: | ||
| 中图分类: | F590 | |
| 科图分类: | ||
| 主题词: | 旅游业--lu you ye--管理信息系统--高等学校--教材 | |
| 电子资源: | ||
| ISBN: | 978-7-04-017624-7 | |
| 000 | 01002nam 2200253 450 | |
| 001 | 1159174129 | |
| 005 | 20111130162640.09 | |
| 010 | @a978-7-04-017624-7@dCNY29.80 | |
| 100 | @a20080123d2006 em y0chiy0120 ea | |
| 101 | 0 | @achi |
| 102 | @aCN@b110000 | |
| 105 | @aa z 000yy | |
| 200 | 1 | @a旅游管理信息系统@Alu you guan li xin xi xi tong@f查良松等编著@Fcha liang song deng bian zhu |
| 205 | @a2版 | |
| 210 | @a北京@c高等教育出版社@d2006.01 | |
| 215 | @a327页@c图@d21cm | |
| 225 | 2 | @a高等院校旅游专业系列教材@Agao deng yuan xiao lu you zhuan ye xi lie jiao cai |
| 330 | @a本书总结了国内外信息技术在旅游业和企业管理中的应用,结合信息系统方法和最新的电子商务技术,以完整的案例形式介绍了旅游管理信息系统的理论和实践,是一本比较实用的旅游管理专业教材。 | |
| 410 | 0 | @12001 @a高等院校旅游专业系列教材 |
| 606 | 0 | @a旅游业@Alu you ye@x管理信息系统@x高等学校@j教材 |
| 690 | @aF590@v4 | |
| 701 | 0 | @a查良松@Acha liang song@4编著 |
| 801 | 0 | @aCN@bQSSK@c20110617 |
| 905 | @b280386-87@dF590@eC191@f2 | |
| 旅游管理信息系统/查良松等编著.-2版.-北京:高等教育出版社,2006.01 |
| 327页:图;21cm.-(高等院校旅游专业系列教材) |
| ISBN 978-7-04-017624-7:CNY29.80 |
| 本书总结了国内外信息技术在旅游业和企业管理中的应用,结合信息系统方法和最新的电子商务技术,以完整的案例形式介绍了旅游管理信息系统的理论和实践,是一本比较实用的旅游管理专业教材。 |
| ● |
| 相关链接 |
|
|
|
正题名:旅游管理信息系统
索取号:F590/C191
 
预约/预借
| 序号 | 登录号 | 条形码 | 馆藏地/架位号 | 状态 | 备注 |
| 1 | 475184 | 204751848 | 社科库409/409社科库 38排3列5层/ [索取号:F590/C191] | 在馆 |